Statistics for Spain community capitals

Click here to take the quiz!

General Stats

  • This quiz has been taken 11 times
  • The average score is 12 of 17

Answer Stats

CommunityCapital% Correct
CataloniaBarcelona
100%
MadridMadrid
100%
ValenciaValencia
100%
GaliciaSantiago De Compostela
90%
AndalusiaSeville
90%
Canary IslandsSanta Cruz/ Las Palmas
80%
AragonZaragoza
80%
MurciaMurcia
70%
Balearic IslandsPalma De Mallorca
70%
CantabriaSantander
70%
Castille and LeonValladolid
70%
Castilla La ManchaToledo
60%
La RiojaLogrono
50%
ExtremaduraMerida
50%
AsturiasOviedo
50%
NavarrePamplona
50%
Basque CountryVitoria Gasteiz
50%

Score Distribution

Percentile by Number Answered

Percent of People with Each Score

Your Score History

You have not taken this quiz